|
|
|
|
| LEADER |
00938nab a2200253 i 4500 |
| 001 |
misc65211 |
| 005 |
20241003082319.0 |
| 008 |
230908s1924 hu o 000 rus d |
| 040 |
|
|
|a SZTE Miscellanea Repozitórium
|b hun
|
| 041 |
|
|
|a rus
|
| 100 |
1 |
|
|a Vladimircov Boris Âkovlevič
|
| 245 |
1 |
3 |
|a Iz oblasti vokalizma mongolo-tureckogo praâzyka
|h [elektronikus dokumentum] /
|c Vladimircov Boris Âkovlevič
|
| 260 |
|
|
|a [Izdat. Akademii nauk SSSR]
|b [Leningrad]
|c 1924
|
| 300 |
|
|
|a 33-35
|c 27 cm
|
| 300 |
|
|
|a [3] p.
|c 27 cm
|
| 490 |
0 |
|
|a Doklady Rossijskoj Akademii Nauk
|
| 561 |
|
|
|a Németh Gyula hagyaték
|
| 591 |
|
|
|a NOA 6381
|
| 650 |
|
4 |
|a Bölcsészettudományok
|
| 650 |
|
4 |
|a Nyelvek és irodalom
|
| 695 |
|
|
|a Mongol nyelv - hangtan, Török nyelv - hangtan
|
| 700 |
0 |
1 |
|a Ol'denburg Sergej Fedorovič
|
| 700 |
0 |
1 |
|a Poppe Nikolaj Nikolaevič
|e aut
|
| 856 |
4 |
0 |
|u http://misc.bibl.u-szeged.hu/65211/1/6381_noa.pdf
|z Dokumentum-elérés
|